<?xml version="1.0" encoding="UTF-8"?>
<resp>
  <nextPage>https://data.bn.org.pl/api/networks/bibs.marcxml?marc=001+b0000640005274&amp;sinceId=640005275</nextPage>
  <collection>
    <record xmlns='http://www.loc.gov/MARC21/slim'><leader>01496nam a2200421 i 4500</leader><controlfield tag='001'>b0000640005274</controlfield><controlfield tag='005'>20241203220352.5</controlfield><controlfield tag='008'>170519s1957    pl a         |000 0 pol  </controlfield><controlfield tag='009'>9912860822905606</controlfield><datafield ind1=' ' ind2=' ' tag='035'><subfield code='a'>RAD_1RAD_1_76093-48omnis_rad</subfield></datafield><datafield ind1=' ' ind2=' ' tag='035'><subfield code='a'>RAD_1_76093</subfield></datafield><datafield ind1=' ' ind2=' ' tag='035'><subfield code='a'>(OCoLC)833317729</subfield></datafield><datafield ind1=' ' ind2=' ' tag='035'><subfield code='a'>(PL)b0000640005274</subfield></datafield><datafield ind1=' ' ind2=' ' tag='040'><subfield code='a'>RADZYŃ 002</subfield><subfield code='c'>RADZYŃ 002</subfield></datafield><datafield ind1='1' ind2=' ' tag='100'><subfield code='a'>Dembowski, Jan</subfield><subfield code='d'>(1889-1963)</subfield></datafield><datafield ind1='1' ind2='0' tag='245'><subfield code='a'>Darwin /</subfield><subfield code='c'>Jan Dembowski.</subfield></datafield><datafield ind1=' ' ind2=' ' tag='250'><subfield code='a'>Wyd. 3.</subfield></datafield><datafield ind1=' ' ind2=' ' tag='260'><subfield code='a'>Warszawa :</subfield><subfield code='b'>Państwowe Zakłady Wydawnictw Szkolnych,</subfield><subfield code='c'>dr. 1957.</subfield></datafield><datafield ind1=' ' ind2=' ' tag='300'><subfield code='a'>106, [2] s. :</subfield><subfield code='b'>il. ;</subfield><subfield code='c'>21 cm.</subfield></datafield><datafield ind1=' ' ind2=' ' tag='336'><subfield code='a'>Tekst</subfield><subfield code='b'>txt</subfield><subfield code='2'>rdacontent</subfield></datafield><datafield ind1=' ' ind2=' ' tag='337'><subfield code='a'>Bez urządzenia pośredniczącego</subfield><subfield code='b'>n</subfield><subfield code='2'>rdamedia</subfield></datafield><datafield ind1=' ' ind2=' ' tag='338'><subfield code='a'>Wolumin</subfield><subfield code='b'>nc</subfield><subfield code='2'>rdacarrier</subfield></datafield><datafield ind1=' ' ind2=' ' tag='380'><subfield code='a'>Książki.</subfield></datafield><datafield ind1=' ' ind2=' ' tag='500'><subfield code='a'>R. wyd.: 1956.</subfield></datafield><datafield ind1='8' ind2=' ' tag='521'><subfield code='a'>Zatwierdzony przez Ministerstwo Oświaty jako książka przeznaczona do bibliotek szkół licealnych i bibliotek nauczycielskich.</subfield></datafield><datafield ind1='1' ind2='7' tag='600'><subfield code='a'>Darwin, Charles</subfield><subfield code='d'>(1809-1882)</subfield><subfield code='2'>JHP BN</subfield></datafield><datafield ind1=' ' ind2='7' tag='648'><subfield code='a'>1801-1900</subfield><subfield code='2'>JHP BN</subfield></datafield><datafield ind1=' ' ind2='7' tag='650'><subfield code='a'>Biolodzy</subfield><subfield code='z'>Wielka Brytania</subfield><subfield code='y'>19 w.</subfield><subfield code='2'>JHP BN</subfield></datafield><datafield ind1=' ' ind2='7' tag='650'><subfield code='a'>Darwinizm</subfield><subfield code='x'>historia</subfield><subfield code='2'>JHP BN</subfield></datafield><datafield ind1=' ' ind2='7' tag='655'><subfield code='a'>Biografie</subfield><subfield code='2'>JHP BN</subfield></datafield><datafield ind1='2' ind2=' ' tag='710'><subfield code='a'>Państwowe Zakłady Wydawnictw Szkolnych</subfield><subfield code='4'>pbl.</subfield></datafield><datafield ind1=' ' ind2=' ' tag='852'><subfield code='b'>48OMNIS_NETWORK</subfield><subfield code='8'>9912860822905606</subfield></datafield><datafield ind1=' ' ind2=' ' tag='852'><subfield code='b'>48OMNIS_RAD</subfield><subfield code='8'>991000052749707910</subfield></datafield></record>
  </collection>
</resp>
